000 00529nam a2200217Ia 4500
003 OSt
005 20230530151613.0
008 210423s2002 xx 000 0 und d
040 _cAL
041 _aeng
082 _a306.85 CHAF
_223
100 _aCHAKRABORTTY (Krishna)
_9117167
245 _aFamily in india
260 _aJaipur
_bRawat Publications
_c2002
300 _bHB
365 _b595
_cINR
650 _aMarriage & Family
_9117168
650 _aSociology
_9117169
906 _aFamily ; india
942 _2ddc
_cBK
999 _c173643
_d173643